Nationalmannschaftslogos - Statistiken

Allgemein
  • Dieses Quiz wurde 43 mal gespielt
  • Das Durchschnittsergebnis liegt bei 32 aus 40
Antwortstatistiken
Bildquiz Antwort % Korrekt
Deutschland
100%
Italien
98%
Spanien
98%
Frankreich
95%
Schweden
95%
Argentinien
93%
Australien
93%
Belgien
93%
England
93%
Kroatien
93%
Österreich
93%
Türkei
93%
Brasilien
90%
Griechenland
90%
Irak
90%
Irland
90%
Niederlande
90%
Portugal
90%
Japan
88%
Norwegen
88%
Dänemark
86%
Wales
86%
Polen
83%
Vereinigte Staaten
83%
Kolumbien
81%
Mexiko
81%
Schottland
81%
Kamerun
74%
Marokko
74%
Schweiz
71%
Uruguay
69%
Algerien
64%
Rumänien
64%
Ägypten
62%
Chile
62%
Südkorea
60%
Elfenbeinküste
57%
Ecuador
55%
Nordirland
55%
Hong Kong
31%
Keine übereinstimmenden Quizze gefunden
Verteilung der Resultate
Anzahl Personen mit jedem Resultat
Perzentil nach korrekt beantworteten Fragen
Ihre Resultats-Entwicklung
Sie haben dieses Quiz noch nicht gespielt